[Event "6th Uppsala Young Champions 2019"]
[Site "Uppsala"]
[Date "2019.10.25"]
[Round "1.1"]
[White "Mihajlov, Sebastian"]
[Black "Carlsson, Ludvig"]
[Result "1-0"]
[WhiteElo "2387"]
[BlackElo "2066"]
[Annotator "NA"]
[PlyCount "43"]
[EventDate "2019.10.25"]
[EventType "swiss"]
[EventCountry "SWE"]
[SourceTitle "playchess.com"]
[Source "ChessBase"]
[SourceQuality "1"]
[TimeControl "5400+30"]

1. d4 {[%emt 0:01:32]} e6 {[%emt 0:01:05]} 2. c4 {[%emt 0:00:04]} b6 {[%emt 0:00:07]} 3. Nc3 {[%emt 0:00:42]} Bb7 {[%emt 0:00:07]} 4. a3 {[%emt 0:00:08]} f5 {[%emt 0:02:30]} 5. d5 {[%emt 0:04:02]} Nf6 {[%emt 0:06:11]} 6. Nf3 {[%emt 0:06:53]} Bd6 {[%emt 0:04:12]} 7. g3 {[%emt 0:04:28]} O-O {[%emt 0:09:36]} 8. Bg2 {[%emt 0:00:11]} Ne4 {[%emt 0:00:07]} 9. Nxe4 {[%emt 0:01:11]} fxe4 {[%emt 0:00:08]} 10. Ng5 {[%emt 0:00:05]} b5 {[%emt 0:10:04]} 11. Bxe4 {[%emt 0:03:54]} h6 {[%emt 0:00:44]} 12. dxe6 {[%emt 0:01:22]} Nc6 {[%emt 0:00:17]} 13. cxb5 {[%emt 0:01:12]} hxg5 {[%emt 0:00:32]} 14. bxc6 {[%emt 0:00:06]} Bxc6 {[%emt 0:00:10]} 15. Qb3 {[%emt 0:03:23]} Rb8 {[%emt 0:01:09]} 16. Qc4 {[%emt 0:00:14]} Bb5 {[%emt 0:02:40]} 17. Qd5 {[%emt 0:00:15]} Qf6 {[%emt 0:01:16]} 18. exd7+ {[%emt 0:00:24]} Kh8 {[%emt 0:00:10]} 19. Be3 {[%emt 0:04:13]} Bxe2 {[%emt 0:05:34]} 20. h4 {[%emt 0:00:30]} Bh5 {[%emt 0:03:05]} 21. hxg5 {[%emt 0:00:10]} Qxb2 {[%emt 0:00:06]} 22. Rxh5# {[%emt 1:06:01]} 1-0

[Event "6th Uppsala Young Champions 2019"]
[Site "Uppsala"]
[Date "2019.10.25"]
[Round "1.2"]
[White "Berglind, Axel"]
[Black "Roshka, Yevgeniy"]
[Result "1/2-1/2"]
[WhiteElo "2062"]
[BlackElo "2369"]
[Annotator "TA"]
[PlyCount "151"]
[EventDate "2019.10.25"]
[EventType "swiss"]
[EventCountry "SWE"]
[SourceTitle "playchess.com"]
[Source "ChessBase"]
[SourceQuality "1"]

{[%evp 14,151,30,24,54,42,51,39,32,17,18,6,8,0,8,6,0,0,93,11,150,103,134,0,0,-9,-9,-16,0,0,0,0,0,-11,0,0,0,-16,-10,-20,-11,-18,-8,0,4,14,39,0,0,0,0,0,0,0,0,0,8,10,5,6,11,0,0,6,6,6,0,0,0,0,0,0,0,0,0,0,0,0,0,0,0,0,0,0,0,0,0,0,0,0,0,0,0,0,0,0,0,0,0,0,0,0,0,0,0,0,0,0,0,0,0,0,0,0,0,0,0,0,0,0,0,0,0,0,0,0,0,0,0,0,0,0,0,0,0,0,0,0,0,0]} 1. d4 g6 2. Nf3 Bg7 3. g3 d6 4. Bg2 Nd7 5. O-O e5 6. c4 Ne7 7. Nc3 O-O 8. e3 c6 {A41: 1 d4 d6: Tartakower System and Modern Defence} (8... a5 9. b3 Nc6 10. Bb2 Re8 11. h3 e4 12. Ne1 f5 13. Nc2 Nf6 14. a3 d5 15. f4 Be6 16. c5 {1-0 (41) Movsesian,S (2679)-Kuybokarov,T (2491) Moscow 2017}) 9. b3 Nf5 10. Bb2 exd4 {White is slightly better.} 11. exd4 Nf6 $146 ({Predecessor:} 11... Re8 12. Qd2 Nf6 13. Rfe1 Rxe1+ 14. Rxe1 d5 15. c5 Be6 16. h3 Ne4 17. Qd3 Qa5 18. g4 Ne7 19. a3 Nxc3 20. Bxc3 Qxa3 21. Ra1 Qxb3 22. Nd2 Qb5 23. Qe3 {1-0 (23) Pytel,K (2410)-Weill,R (2235) Aix les Bains 1991}) 12. Qd2 d5 13. cxd5 Nxd5 14. Nxd5 Qxd5 15. Rad1 Rd8 {[#]} (15... Re8 $11 {keeps the balance.}) 16. Rfe1 (16. Ng5 $1 $16 Qb5 17. d5) 16... Qb5 (16... Qd6 $11) 17. Bf1 Qb6 {[#]} 18. Bc4 (18. Ng5 $1 $16) 18... Nd6 $11 19. Ne5 Nxc4 20. Nxc4 Qc7 21. d5 cxd5 22. Bxg7 Kxg7 23. Qc3+ f6 24. Qb4 Kf7 25. Ne3 Be6 26. Rd4 Rd7 27. Qd2 {[%cal Re3d5]} Rad8 28. Ng2 Bf5 29. Nh4 Qc2 (29... Be4 {feels hotter.} 30. f3 g5 31. fxe4 gxh4 32. Kg2 Re7) 30. Nxf5 (30. Qe3 {keeps more tension.} Kg7 31. a4 Rc7 32. Rd2 Qc6 33. Nxf5+ gxf5 34. Qf4) 30... Qxd2 {The position is equal.} 31. Rxd2 {Threatens to win with Nd4.} gxf5 $14 {[%mdl 4096] Endgame KRR-KRR} 32. Rd4 Kg6 33. Red1 Rd6 34. Kg2 f4 35. Rxf4 d4 36. Rd3 b5 37. Kf3 h5 38. g4 hxg4+ 39. Rxg4+ Kf7 40. Rh4 Ra6 41. Rhxd4 Rxd4 42. Rxd4 Rxa2 $11 {KR-KR} 43. Rd7+ Kg6 44. Rb7 a6 45. Rb6 Kf5 46. Kg3 Ra3 47. f3 Rxb3 {White must now prevent ...a5.} 48. Rxa6 Rb1 49. h4 b4 50. Ra5+ Kg6 51. Rb5 b3 52. Kf4 b2 53. Rb7 Kh6 54. Kf5 Rf1 55. Rxb2 Rxf3+ 56. Kg4 Rf1 57. Rb4 Kg6 58. Rb6 Rg1+ 59. Kf4 Ra1 60. Rc6 Ra4+ 61. Kg3 Kf5 62. Rc5+ Ke4 63. Kg4 Ra1 64. Rc4+ Ke5 65. Rb4 Kd5 66. Rb5+ Ke6 67. Rb6+ Kf7 68. Rb7+ Kg6 69. Rb6 Ra4+ 70. Kg3 Rd4 71. Rc6 Kf5 72. Rc5+ Ke4 73. Kg4 Ke3+ 74. Kf5 {And now h5 would win.} Rxh4 {( -> ...Rh5+)} 75. Kxf6 Re4 76. Re5 {Accuracy: White = 67%, Black = 72%.} 1/2-1/2

[Event "6th Uppsala Young Champions 2019"]
[Site "Uppsala"]
[Date "2019.10.25"]
[Round "1.5"]
[White "Sorensen, Hampus"]
[Black "Falkevall, Axel"]
[Result "0-1"]
[WhiteElo "2330"]
[BlackElo "2036"]
[Annotator "RC"]
[PlyCount "64"]
[EventDate "2019.10.25"]
[EventType "swiss"]
[EventCountry "SWE"]
[SourceTitle "playchess.com"]
[Source "ChessBase"]
[SourceQuality "1"]
[TimeControl "5400+30"]

1. d4 {[%emt 0:00:30]} e6 {[%emt 0:00:00]} 2. c4 {[%emt 0:00:00]} Nf6 {[%emt 0:00:00]} 3. Nf3 {[%emt 0:00:19]} d5 {[%emt 0:00:01]} 4. Bg5 {[%emt 0:00:22]} Bb4+ {[%emt 0:00:08]} 5. Nbd2 {[%emt 0:02:19]} dxc4 {[%emt 0:00:15]} 6. Qa4+ {[%emt 0:01:18]} Nc6 {[%emt 0:00:17]} 7. e3 {[%emt 0:00:46]} Qd5 {[%emt 0:01:11]} 8. Bxf6 {[%emt 0:01:24]} gxf6 {[%emt 0:00:02]} 9. a3 {[%emt 0:04:00]} b5 {[%emt 0:03:27]} 10. Qc2 {[%emt 0:00:45]} Bxd2+ {[%emt 0:02:48]} 11. Nxd2 {[%emt 0:01:38]} Bb7 {[%emt 0:04:13]} 12. Rg1 {[%emt 0:17:05]} f5 {[%emt 0:13:24]} 13. g4 {[%emt 0:03:35]} fxg4 {[%emt 0:06:21]} 14. Bg2 {[%emt 0:01:24]} Qf5 {[%emt 0:07:01]} 15. Be4 {[%emt 0:01:27]} Qh5 {[%emt 0:03:35]} 16. b3 {[%emt 0:03:41]} f5 {[%emt 0:07:55]} 17. Bg2 {[%emt 0:02:45]} Qxh2 {[%emt 0:04:22]} 18. O-O-O {[%emt 0:01:43]} Nxd4 {[%emt 0:07:40]} 19. exd4 {[%emt 0:03:34]} Bxg2 {[%emt 0:00:12]} 20. bxc4 {[%emt 0:00:03]} bxc4 {[%emt 0:05:07]} 21. Nxc4 {[%emt 0:02:18]} O-O {[%emt 0:02:30]} 22. Qd2 {[%emt 0:00:31]} Bd5 {[%emt 0:06:07]} 23. Ne5 {[%emt 0:00:33]} Kh8 {[%emt 0:07:05]} 24. Qg5 {[%emt 0:00:04]} Be4 {[%emt 0:02:42]} 25. Kb2 {[%emt 0:02:54]} c5 {[%emt 0:06:09]} 26. Qe7 {[%emt 0:02:16]} cxd4 {[%emt 0:02:27]} 27. Qc7 {[%emt 0:01:16]} Qh5 {[%emt 0:02:55]} 28. f3 {[%emt 0:01:26]} Rac8 {[%emt 0:00:59]} 29. Qd6 {[%emt 0:00:38]} Bd5 {[%emt 0:02:18]} 30. Nd7 {[%emt 0:02:01]} f4 {[%emt 0:01:20]} 31. Nxf8 {[%emt 0:00:54]} Qh2+ {[%emt 0:00:08]} 32. Ka1 {[%emt 0:00:08]} Qa2# {[%emt 0:00:06]} 0-1

[Event "6th Uppsala Young Champions 2019"]
[Site "Uppsala"]
[Date "2019.10.25"]
[Round "1.6"]
[White "Muntean, Victor"]
[Black "Nilsson, Joakim"]
[Result "0-1"]
[WhiteElo "2020"]
[BlackElo "2305"]
[Annotator "TA"]
[PlyCount "62"]
[EventDate "2019.10.25"]
[EventType "swiss"]
[EventCountry "SWE"]
[SourceTitle "playchess.com"]
[Source "ChessBase"]
[SourceQuality "1"]

{[%evp 13,62,15,13,-22,0,-60,-70,-83,-19,-83,-8,-50,-18,-27,-24,-26,-17,-30,-38,-59,-56,-131,-124,-124,-125,-245,-188,-231,-218,-233,-164,-197,-125,-125,-124,-108,-100,-119,-103,-151,-139,-284,-272,-422,-260,-421,-422,-461,-459,-422,-422]} 1. e4 c5 2. c3 d5 3. exd5 Qxd5 4. d4 Nc6 5. Nf3 Bg4 6. dxc5 Qxd1+ 7. Kxd1 Nf6 8. b4 {B22: Sicilian: 2 c3} g6 9. Be2 $146 ({White should try} 9. Kc2 $11) ({Predecessor:} 9. h3 Bf5 10. b5 Na5 11. Nbd2 Bg7 12. Nd4 Rc8 13. Nxf5 gxf5 14. Ba3 Nd5 15. Rc1 Nxc3+ {½-½ (24) Gaujens,A (2437)-Zugrav,W (2580) ICCF email 2006}) 9... Bg7 $15 {[%mdl 1024] Black has compensation.} 10. b5 {[#]Black is slightly better.} Rd8+ (10... Nb4 $1 $17 {[%mdl 512] Hoping for ...Ne4.} 11. Ba3 (11. cxb4 Nd5 $17) 11... O-O-O+ 12. Nbd2 Nfd5 13. Bxb4 Bxf3 14. Bxf3 Nxb4 15. cxb4 Bxa1) 11. Ke1 {[#]} (11. Nbd2 $1 $11 {remains equal.} Na5 12. Nd4) 11... Nb8 ({Black should play} 11... Nb4 $1 $17 {[%cal Rb4c2][%mdl 512] Threatens to win with ...Nc2+.} 12. cxb4 Nd5) 12. Be3 O-O 13. Nd4 Bxe2 14. Kxe2 Ne4 15. Rd1 Rc8 16. f3 Nxc5 17. Nc6 (17. a4 $15) 17... bxc6 $17 18. Bxc5 cxb5 19. Bxa7 (19. Bd4 $17) 19... Nc6 20. Bd4 Nxd4+ 21. cxd4 e5 22. Na3 {[#]} exd4 ({Better is} 22... b4 $1 $19 {[%cal Rb4a3]} 23. Nb5 exd4) 23. Rab1 Rfe8+ 24. Kf1 Ra8 $36 {[%mdl 2048] White is under strong pressure.} 25. Rd3 Re3 26. Rxe3 dxe3 27. Nxb5 (27. Nc2 $17) 27... Rxa2 {KRB-KRN} 28. Re1 (28. Rb3 $142 Rf2+ 29. Kg1) 28... Rf2+ $19 29. Kg1 Rb2 {Black is clearly winning.} 30. Nd6 {and the idea Nc4 leaves White hopeful.} Bc3 31. Nc4 Rb4 {Accuracy: White = 17%, Black = 70%.} ({Weaker is} 31... Bxe1 32. Nxb2 Bc3 33. Nd3 $15) 0-1

[Event "6th Uppsala Young Champions 2019"]
[Site "Uppsala"]
[Date "2019.10.25"]
[Round "1.7"]
[White "Kristensen, Bjarke Hautop"]
[Black "Wernberg, Hugo"]
[Result "1-0"]
[WhiteElo "2223"]
[BlackElo "2006"]
[Annotator "TA"]
[PlyCount "97"]
[EventDate "2019.10.25"]
[EventType "swiss"]
[EventCountry "SWE"]
[SourceTitle "playchess.com"]
[Source "ChessBase"]
[SourceQuality "1"]

{[%evp 23,97,39,35,39,47,31,35,32,120,117,115,116,109,67,95,58,49,24,68,60,83,81,100,92,180,167,188,193,177,173,221,219,233,229,254,216,222,223,216,179,185,175,281,196,290,289,514,512,12840,12838,29977,4918,3025,5277,3064,4898,3003,2034,1458,933,4918,2770,2770,3077,1927,2250,12836,6399,29936,10814,29986,29987,29987,29988,29987,29987]} 1. Nf3 c5 2. c4 Nc6 3. Nc3 g6 4. g3 Bg7 5. Bg2 Nf6 6. d4 cxd4 7. Nxd4 Nxd4 8. Qxd4 O-O 9. O-O d6 10. Qd3 Nd7 11. b3 Nc5 12. Qd2 Bd7 13. Bb2 {A39: Symmetrical English vs ...g6: 4 Bg2 Bg7 5 Nf3 Nf6 6 0-0 0-0 7 d4} Bc6 14. Rac1 $146 ({Predecessor:} 14. Nd5 Bxb2 15. Qxb2 a5 16. Qd4 Bxd5 17. Bxd5 Qb6 18. Rab1 Qb4 19. Qa1 Rfc8 20. a3 Qb6 {½-½ (34) Favaloro,A (2367)-Manca,F (2404) Brixen Bressanone 2019}) 14... Qa5 15. Rfd1 {White is slightly better.} Rac8 (15... Rfe8 $14) 16. Nd5 $16 Qd8 17. Bxg7 Kxg7 18. Qd4+ (18. b4 {with more complications.} Ne6 19. e4 Kg8 20. Bh3 a5 21. b5) 18... Kg8 19. Qh4 Bxd5 20. Rxd5 a5 21. Rcd1 Re8 22. Qh6 Rc7 23. h4 Nd7 {[#]} (23... Qc8 $16 {was worth a try.}) 24. h5 $1 $18 (24. Rxa5 $6 Rxc4 25. Rh5 (25. bxc4 Qxa5 26. Qe3 Qc7 $11) 25... Nf6 $16) 24... Nf6 {[#]} 25. hxg6 $1 {[%mdl 512]} fxg6 26. Rb5 ({Don't do} 26. Rxa5 Rxc4 27. Ra7 (27. bxc4 Qxa5 28. Qd2 Qxd2 $11) 27... Rb4 $16) 26... b6 27. Bh3 (27. Rxb6 Rxc4 28. Rbxd6 (28. bxc4 Qxb6 29. Qh3 Rf8 $11) 28... exd6) 27... Kh8 28. Be6 ({Resist} 28. Rxb6 $6 Rxc4 29. Rbxd6 exd6 $16) 28... Ng8 29. Qh4 Rc5 30. Rxc5 bxc5 31. Kg2 $40 {[%mdl 128] Black is in trouble.} Rf8 32. Rh1 {[%csl Gh1][%cal Rh4h7]} Nf6 (32... h5 $142 33. g4 Rf6) 33. Qh6 {Hoping for Qxg6.} Qa8+ (33... Nh5 {keeps fighting.} 34. f3 Rf6) 34. f3 a4 $2 (34... Qe8 35. g4 Rg8 36. Bxg8 Kxg8) 35. Qxg6 {And now Bf5 would win.} Qb7 (35... Qe8 $142 36. Qh6 axb3 37. axb3 Rg8 38. Bxg8 Kxg8) 36. g4 Qa8 37. g5 (37. Bf5 $142 Rf7 38. Qxf7 Qg8 39. Qxe7 Qg7 40. Qd8+ Ng8 41. Rxh7+ Qxh7 42. Bxh7 Kxh7 43. bxa4) 37... Qe8 38. Qh6 Rg8 39. Bxg8 Qxg8 {[%mdl 4096] Endgame KQR-KQN} 40. Kf2 Nd7 41. g6 Nf6 {[#]} 42. g7+ $1 Qxg7 43. Qxg7+ Kxg7 44. bxa4 {KR-KN} Nd7 45. a5 {[%cal Ba4a5,Ba5a6,Ba6a7][%mdl 32]} Ne5 46. a6 Nxc4 47. a7 {White mates.} Nb6 48. Rb1 Na8 49. Rb8 {Accuracy: White = 79%, Black = 37%.} 1-0

[Event "6th Uppsala Young Champions 2019"]
[Site "Uppsala"]
[Date "2019.10.25"]
[Round "1.9"]
[White "Abdrlauf, Elham"]
[Black "Trost, Edvin"]
[Result "1-0"]
[WhiteElo "2213"]
[BlackElo "1982"]
[Annotator "TA"]
[PlyCount "181"]
[EventDate "2019.10.25"]
[EventType "swiss"]
[EventCountry "SWE"]
[SourceTitle "playchess.com"]
[Source "ChessBase"]
[SourceQuality "1"]

{[%evp 12,181,14,4,18,8,14,0,0,-3,-4,-7,-6,0,0,-18,-7,-46,-25,-39,-31,-56,-19,-25,106,92,99,53,83,71,107,93,124,71,62,81,138,129,130,130,174,137,147,65,65,38,59,41,61,-20,-39,-27,-40,-34,81,70,64,53,50,56,58,41,61,45,39,0,53,49,56,35,48,31,56,36,79,66,91,39,40,45,53,22,23,23,60,33,33,0,0,0,0,0,0,0,0,0,47,8,53,71,109,119,118,119,116,95,116,100,75,8,75,75,75,106,114,56,72,36,36,36,35,22,30,28,48,48,68,20,36,8,8,8,8,8,36,8,225,66,229,66,106,36,268,231,1267,786,720,720,29977,29978,29978,29979,29979,29980,29980,29981,29981,29982,29983,29984,29984,29985,29986,29987,29987,29988,29988,29989,29989,29990,29993,29994]} 1. e4 c5 2. Nf3 e6 3. d4 cxd4 4. Nxd4 a6 5. Nc3 Qc7 6. Be3 Nf6 7. Bd3 Bc5 {B43: Sicilian: Kan Variation: 5 Nc3} 8. O-O (8. f4 Bxd4 9. Bxd4 Qxf4 10. Rf1 Qxh2 11. e5 Qg3+ 12. Rf2 Ng4 13. Ne4 Nxf2 14. Bxf2 Qxe5 {1-0 (23) Shcherbakov,R (2516)-Kurajica,B (2493) Mali Losinj 2019}) 8... O-O 9. Qf3 d6 {The position is equal.} 10. Nb3 Bxe3 11. Qxe3 Nc6 12. f4 b5 13. Rae1 $146 ({Predecessor:} 13. a3 Qa7 14. Qxa7 Rxa7 15. h3 b4 16. Ne2 Rc7 {½-½ (40) Fellousi,A (2110)-Jap Tjoen San,L (2174) Gibraltar 2008}) 13... b4 14. Nd1 {[%cal Bc3d1,Bd1e3,Be3d5][%mdl 32]} e5 (14... Ng4 $6 15. Qg3 $14) 15. fxe5 Nxe5 16. Qg3 {Threatens to win with Rxf6.} Ng6 (16... Nxd3 $6 17. cxd3 Kh8 18. Qg5 $14) 17. Ne3 Re8 (17... Be6 $11) 18. Rxf6 $1 $16 gxf6 19. Nd5 $36 {[%mdl 2048] White is more active.} Qa7+ $1 20. Kh1 Re6 21. Rf1 Kg7 22. c3 (22. Qf3 $142) 22... bxc3 23. bxc3 Re5 (23... Bb7 $142) 24. Nxf6 Be6 25. Nd4 {[%mdl 1024] White has strong compensation.} Rc8 26. Qf2 Qe7 27. c4 (27. Bxa6 $16 Rxc3 28. a4) 27... Kh8 $14 28. Nd5 Qh4 29. g3 Qd8 30. Nf5 ({White should try} 30. Qb2 $14) 30... Bxf5 $11 31. exf5 Ne7 32. Nf6 Rcc5 (32... Nc6 $15 33. Nd5 Qg5) 33. Ng4 Nc6 {Threatening ...Re8.} 34. Nxe5 Nxe5 35. Qd4 f6 36. Rb1 Qc7 37. Bf1 Kg7 38. Rd1 Nf7 (38... Ra5 $11) 39. Qg4+ $14 Kh8 40. Qe4 Kg7 41. Rb1 Re5 42. Qg4+ Kh8 43. Bg2 Qc8 44. Bd5 ({Better is} 44. Rf1 $16) 44... Nh6 45. Qf4 Qxf5 46. Rb8+ Kg7 47. Rb7+ Kh8 48. Qxf5 Nxf5 {[%mdl 4096] Endgame KRB-KRN} 49. Rf7 Ne3 50. Bb7 Rf5 {[%cal Rf5f1]} 51. h4 Rf1+ 52. Kh2 Rf2+ 53. Kh3 Rxa2 54. Rxf6 Nxc4 (54... Rb2 $5 {[%cal Rb2b7]}) 55. Bd5 Rc2 56. Rf8+ Kg7 57. Rf7+ Kh8 58. Be4 Re2 59. Bd3 Ne5 60. Rxh7+ (60. Bxe2 Nxf7 61. Bc4 (61. Bxa6 Ne5 $11) 61... Ne5 $11) 60... Kg8 61. Re7 $1 Kf8 {[#] ...Ra2 is the strong threat.} 62. Re6 $1 Ra2 {[#]} 63. Bf1 ({Don't play} 63. Rxd6 $6 Rd2 $11) (63. Bg6 $1 $16) 63... Ra1 64. Be2 (64. Bg2 $5 {[%cal Re6d6]}) 64... Ra2 65. Bh5 Rd2 $1 66. Re8+ Kg7 67. Ra8 Kh6 68. Be8 Ra2 {[#]} 69. Bb5 $1 {[%mdl 512]} Kg7 (69... axb5 70. Rxa2) 70. Bxa6 Kf6 71. Bb7 Rxa8 72. Bxa8 $11 {White wants to play Be4. KB-KN} Kf5 73. Bb7 Kf6 $2 (73... Ke6 $11 {and Black is okay.}) 74. Be4 $2 (74. g4 $18) 74... Kg7 $2 (74... Ke6 $1 $14) 75. Kg2 $2 (75. Bd5 $18) 75... Kf6 76. Kf2 ({White should play} 76. Bf3 $16) 76... Nf7 $2 (76... d5 $14 77. Bh7 (77. Bxd5 Ng6 $11) 77... Kg7) 77. Kf3 Ke5 $2 (77... Nh6 78. Kf4 d5) 78. g4 $18 Kf6 79. Kf4 Nh6 80. g5+ {White mates.} Kg7 81. Bd5 Kg6 82. Bc4 Kh5 83. Be2+ Kg6 84. h5+ Kg7 85. Bc4 Kh7 86. g6+ Kg7 87. Kg5 d5 88. Bxd5 Kh8 89. Bb3 Kg7 90. Be6 Kh8 91. Kf6 {Accuracy: White = 45%, Black = 52%.} 1-0

[Event "6th Uppsala Young Champions 2019"]
[Site "Uppsala"]
[Date "2019.10.25"]
[Round "1.10"]
[White "Narva, David"]
[Black "Thorhallsson, Simon"]
[Result "1-0"]
[WhiteElo "1979"]
[BlackElo "2190"]
[Annotator "RC"]
[PlyCount "101"]
[EventDate "2019.10.25"]
[EventType "swiss"]
[EventCountry "SWE"]
[SourceTitle "playchess.com"]
[Source "ChessBase"]
[SourceQuality "1"]
[TimeControl "5400+30"]

1. e4 {[%emt 0:00:00]} c5 {[%emt 0:00:05]} 2. Nf3 {[%emt 0:00:00]} d6 {[%emt 0:00:08]} 3. Bc4 {[%emt 0:00:00]} Nf6 {[%emt 0:00:24]} 4. c3 {[%emt 0:00:00]} e6 {[%emt 0:02:42]} 5. d3 {[%emt 0:00:00]} Nc6 {[%emt 0:01:18]} 6. Bb3 {[%emt 0:00:41]} Be7 {[%emt 0:02:26]} 7. O-O {[%emt 0:00:13]} d5 {[%emt 0:06:36]} 8. e5 {[%emt 0:00:12]} Nd7 {[%emt 0:00:36]} 9. d4 {[%emt 0:00:06]} O-O {[%emt 0:07:28]} 10. Re1 {[%emt 0:03:44]} Re8 {[%emt 0:08:26]} 11. Nbd2 {[%emt 0:04:33]} cxd4 {[%emt 0:03:25]} 12. cxd4 {[%emt 0:00:06]} b6 {[%emt 0:03:30]} 13. Nf1 {[%emt 0:03:49]} Ba6 {[%emt 0:02:52]} 14. a3 {[%emt 0:01:26]} Rc8 {[%emt 0:02:12]} 15. Ba2 {[%emt 0:07:51]} Na5 {[%emt 0:03:09]} 16. Ne3 {[%emt 0:05:00]} Nc4 {[%emt 0:08:08]} 17. Nxc4 {[%emt 0:00:56]} Bxc4 {[%emt 0:00:51]} 18. Bb1 {[%emt 0:01:29]} Nf8 {[%emt 0:02:57]} 19. Nd2 {[%emt 0:10:27]} Bb5 {[%emt 0:03:34]} 20. b4 {[%emt 0:05:32]} Bc6 {[%emt 0:11:24]} 21. Bd3 {[%emt 0:03:41]} Qd7 {[%emt 0:01:01]} 22. Qe2 {[%emt 0:01:24]} Ba4 {[%emt 0:01:21]} 23. Nf3 {[%emt 0:03:11]} Red8 {[%emt 0:02:27]} 24. Bd2 {[%emt 0:12:22]} b5 {[%emt 0:01:48]} 25. Ng5 {[%emt 0:04:13]} h6 {[%emt 0:04:19]} 26. Nh3 {[%emt 0:02:56]} f5 {[%emt 0:03:21]} 27. exf6 {[%emt 0:03:24]} Bxf6 {[%emt 0:00:16]} 28. Qg4 {[%emt 0:03:56]} Kh8 {[%emt 0:02:19]} 29. Rac1 {[%emt 0:09:03]} Rxc1 {[%emt 0:00:27]} 30. Rxc1 {[%emt 0:05:20]} Rc8 {[%emt 0:00:07]} 31. Rc5 {[%emt 0:01:23]} Be7 {[%emt 0:03:24]} 32. Rxc8 {[%emt 0:01:44]} Qxc8 {[%emt 0:00:10]} 33. Nf4 {[%emt 0:00:14]} Bc2 {[%emt 0:02:15]} 34. Nh5 {[%emt 0:02:41]} g5 {[%emt 0:05:39]} 35. Qe2 {[%emt 0:01:32]} Kg8 {[%emt 0:02:55]} 36. Qe5 {[%emt 0:01:25]} Kf7 {[%emt 0:00:06]} 37. Bxb5 {[%emt 0:01:07]} Nd7 {[%emt 0:01:24]} 38. Qg7+ {[%emt 0:00:17]} Ke8 {[%emt 0:00:12]} 39. Qg8+ {[%emt 0:00:43]} Bf8 {[%emt 0:00:14]} 40. Nf6+ {[%emt 0:00:37]} Ke7 {[%emt 0:00:15]} 41. Nxd7 {[%emt 0:01:20]} a6 {[%emt 0:00:54]} 42. Nxf8 {[%emt 0:00:27]} axb5 {[%emt 0:00:36]} 43. Ng6+ {[%emt 0:00:10]} Kd7 {[%emt 0:00:12]} 44. Qg7+ {[%emt 0:00:21]} Kd6 {[%emt 0:00:30]} 45. Qe7+ {[%emt 0:00:52]} Kc6 {[%emt 0:00:08]} 46. Qc5+ {[%emt 0:01:10]} Kb7 {[%emt 0:00:13]} 47. Qxb5+ {[%emt 0:00:09]} Ka8 {[%emt 0:00:07]} 48. Ne5 {[%emt 0:00:40]} Be4 {[%emt 0:00:15]} 49. Nd7 {[%emt 0:00:49]} Ka7 {[%emt 0:00:33]} 50. Qc5+ {[%emt 0:00:42]} Kb7 {[%emt 0:00:15]} 51. Qxc8+ {[%emt 0:01:32]} 1-0

[Event "6th Uppsala Young Champions 2019"]
[Site "Uppsala"]
[Date "2019.10.25"]
[Round "1.11"]
[White "Vainerchuk, Barys"]
[Black "Mitra, Akash"]
[Result "1-0"]
[WhiteElo "2136"]
[BlackElo "1936"]
[Annotator "TA"]
[PlyCount "51"]
[EventDate "2019.10.25"]
[EventType "swiss"]
[EventCountry "SWE"]
[SourceTitle "playchess.com"]
[Source "ChessBase"]
[SourceQuality "1"]

{[%evp 17,50,9,5,8,14,-6,5,0,9,0,0,0,0,0,20,16,110,112,154,158,525,545,544,549,560,552,530,485,472,472,29988,1703,29998,29999,29999]} 1. e4 c5 2. Nf3 e6 3. d4 cxd4 4. Nxd4 Nf6 5. Nc3 Bb4 (5... Nc6 6. Nxc6 bxc6 7. Bd3 d5 8. O-O {½-½ (10) Komliakov,V (2438)-Krapivin,A (2459) Moscow 2006}) 6. Bd3 Nc6 7. Nxc6 bxc6 8. O-O d5 9. e5 Nd7 $1 10. Qg4 {B40: Sicilian: 2...e6, Unusual lines} Bf8 $1 11. f4 Qb6+ $146 ({Predecessor:} 11... g6 12. Kh1 Nc5 13. Ne2 Nxd3 14. cxd3 Ba6 15. Rf3 Rb8 16. Qg3 Be7 17. Qe1 c5 {0-1 (34) Rodriguez Redondo,A (1941)-Paz Mendez,G (1918) Santa Cruz de Tenerife 2019}) 12. Kh1 {The position is equal.} Ba6 13. f5 Nxe5 14. Qe2 Nxd3 15. cxd3 Bc8 16. Be3 Qd8 {[#]} (16... d4 $11 17. Bf2 Qd8) 17. Bd4 $1 $16 Qg5 18. Qc2 $36 {[%mdl 2048] Strongly threatening Nxd5! Keeping Black busy.} Be7 $2 {[#]} (18... Bd7 $16 {is a better chance.}) 19. Ne4 $1 $18 {[%mdl 576] Discovered Attack} dxe4 20. Qxc6+ {[%mdl 64] Double Attack} Bd7 21. Qxa8+ {[%mdl 64] Double Attack} Bd8 22. fxe6 {[%mdl 64] Overworked Piece} Bxe6 23. Qc6+ Kf8 (23... Bd7 $18 24. Qxe4+ Qe7) 24. Bc5+ (24. Qxe6 $142 f6 25. Rac1 g6 26. Bxf6 Qxf6 {[%mdl 64] Remove Defender} 27. Rxf6+ Kg7 28. Rf7+ {[%mdl 64] Double Attack} Kh6 29. Qh3+ Kg5 30. Rc5#) 24... Be7 25. Qa8+ {[%mdl 64] Double Attack} Bc8 26. Qxc8# {Accuracy: White = 55%, Black = 18%.} 1-0

[Event "6th Uppsala Young Champions 2019"]
[Site "Uppsala"]
[Date "2019.10.25"]
[Round "1.12"]
[White "Ostlund, Joar"]
[Black "Rasti, Arvin"]
[Result "1-0"]
[WhiteElo "1955"]
[BlackElo "2179"]
[Annotator "TA"]
[PlyCount "61"]
[EventDate "2019.10.25"]
[EventType "swiss"]
[EventCountry "SWE"]
[SourceTitle "playchess.com"]
[Source "ChessBase"]
[SourceQuality "1"]

{[%evp 20,61,9,-1,17,5,13,-8,20,22,31,43,26,12,152,152,370,372,354,359,327,273,273,286,282,282,429,416,462,452,562,425,1016,742,1568,1242,1164,695,647,602,1848,1759,6287,5504]} 1. d4 d5 2. c4 e6 3. Nc3 Nf6 4. cxd5 exd5 5. Bg5 c6 6. e3 Be7 7. Bd3 Nbd7 8. Nf3 O-O 9. O-O Re8 10. Rc1 Ne4 11. Bf4 Ndf6 {D35: Queen's Gambit Declined: Exchange Variation} 12. Ne5 Bf5 13. a3 $146 ({Predecessor:} 13. Na4 Bg6 14. h3 Bf8 15. a3 Nd7 16. Nxg6 hxg6 17. b4 b5 18. Nc3 Nef6 19. a4 {0-1 (53) Hebden,M (2522)-Graf,A (2643) Cappelle-la-Grande 2009}) 13... Bd6 {The position is equal.} 14. Na4 {And now f3 would win.} Bc7 15. b4 h6 16. h3 Bxe5 (16... Nd7 $11 {keeps the balance.}) 17. dxe5 $16 g5 $2 {[#]} (17... Nd7 $16 {was necessary.}) 18. Bh2 $1 $18 ({Less strong is} 18. exf6 gxf4 19. Bxe4 dxe4 $14) 18... Nd7 19. f3 Nxe5 {aiming for ...Nf2!} 20. Bxe5 Rxe5 21. fxe4 dxe4 22. Bb1 Rd5 (22... Bg6 $142 23. Nc5 Qe7) 23. Qh5 Bg6 24. Qxh6 {White is clearly winning.} g4 25. Ba2 Rd6 (25... Qg5 $142 26. Qxg5 Rxg5) 26. hxg4 a5 27. Rc5 Rf6 28. Rxf6 Qxf6 29. Nc3 axb4 {[#]} 30. Rg5 $1 b3 31. Bxb3 {Accuracy: White = 64%, Black =  4%.} 1-0